000 00873nam a2200229 a 4500
001 BRCA_149
005 20190320202912.0
008 061005s2005 mx-a---##b---#000-0#spa-d
020 _a9680301141
040 _aIQU
_cIQU
_dDLC
050 4 _aN85
_b.B47 2005
100 1 _aBerndt León Mariscal, Beatriz
_9572
245 1 0 _aLa investigación y la profesión del investigador en un museo de arte mexicano
_balgunas consideraciones
_cBeatriz Berndt León Mariscal.
260 _aMéxico
_bINAH : Universidad Iberoamericana
_c2005
300 _a157 p.
_bil.
_c26 cm.
440 0 _aObra diversa
_9573
504 _aBibliografía: p. 69-71
610 2 4 _aMuseo Nacional de México (Ciudad de México)
_xInvestigación
_9574
610 2 4 _aInstituto Nacional de Bellas Artes (Ciudad de México)
_xInvestigación
_9575
650 1 4 _aMuseos
_xInvestigación
_zMéxico
_9576
942 _2lcc
_cB
999 _c128
_d128